[Event "Titled Tuesday intern op 11th Mar Early"]
[Site "Chess.com INT"]
[Date "2025.03.11"]
[Round "7"]
[White "Hamley, Ryan"]
[Black "Rustamov, Rustam"]
[Result "0-1"]
[WhiteElo "2105"]
[BlackElo "2301"]
[PlyCount "124"]
[EventDate "2025.03.11"]
[EventType "swiss (blitz)"]
[EventRounds "11"]
[EventCountry "USA"]
[SourceTitle "CB12_2025"]
[SourceDate "2025.03.19"]
[SourceVersion "1"]
[SourceVersionDate "2025.03.19"]
[SourceQuality "1"]

1. d4 Nf6 2. c4 e6 3. Nf3 d5 4. g3 Be7 5. Bg2 0-0 6. 0-0 dxc4 7. Qc2 a6 8. a4 Nc6 9. Qxc4 Na5 10. Qc2 b6 11. Nc3 Bb7 12. Rd1 Bb4 13. Bg5 h6 14. Bxf6 Qxf6 15. e4 Qe7 16. Rac1 Rfd8 17. Na2 c5 18. dxc5 Bxc5 19. Qc3 Rac8 20. Rxd8+ Qxd8 21. Qd2 Nb3 22. Qxd8+ Rxd8 23. Re1 Nd2 24. Nc3 Nxf3+ 25. Bxf3 Bb4 26. Kg2 Rd3 27. Rd1 Rxd1 28. Nxd1 e5 29. Ne3 Bc5 30. Nd5 Bd4 31. b3 Kf8 32. Be2 f5 33. f3 a5 34. Bc4 g6 35. g4 fxg4 36. fxg4 Ke8 37. Kf3 Kd7 38. h3 Kd6 39. Nf6 Bb2 40. h4 Bc8 41. Nd5 Bd4 42. Nf6 Bb2 43. Nd5 Bd4 44. Nf6 Ke7 45. Ng8+ Kf8 46. Nxh6 Bc3 47. g5 Be1 48. Nf7 Bxh4 49. Nxe5 Kg7 50. Kf4 Be1 51. Nf3 Bb4 52. e5 Bb7 53. Nd4 Bd2+ 54. Kg4 Bc8+ 55. Be6 Bb7 56. Bc4 Bc8+ 57. e6 Bc3 58. Nb5 Bb4 59. Nd6 Bxd6 60. Kf3 Kf8 61. Ke4 Ke7 62. Kd4 Bxe6 0-1

[Event "Nashville Summer op"]
[Site "Nashville"]
[Date "2024.08.31"]
[Round "6"]
[White "Antipov, Mikhail Al"]
[Black "Hamley, Ryan"]
[Result "1-0"]
[WhiteElo "2606"]
[BlackElo "2076"]
[PlyCount "77"]
[EventDate "2024.08.26"]
[EventType "swiss"]
[EventRounds "9"]
[EventCountry "USA"]
[SourceTitle "EXT 2025"]
[Source "ChessBase"]
[SourceDate "2024.10.14"]
[SourceVersion "1"]
[SourceVersionDate "2024.10.14"]
[SourceQuality "1"]

1. e4 e5 2. Nf3 Nc6 3. Bc4 Bc5 4. 0-0 Nf6 5. d3 d6 6. c3 0-0 7. Nbd2 a6 8. a4 Ba7 9. h3 Ne7 10. Bb3 Ng6 11. Re1 Re8 12. d4 h6 13. a5 Be6 14. Bc2 c6 15. Nf1 Bb8 16. Bd2 Bc7 17. b4 Qd7 18. Ng3 d5 19. Nxe5 Nxe5 20. dxe5 Nxe4 21. Nxe4 dxe4 22. Bf4 Qxd1 23. Raxd1 f5 24. f3 exf3 25. gxf3 Rad8 26. Rxd8 Rxd8 27. Be3 Kf7 28. f4 g6 29. Kf2 Rd7 30. Bd4 Bd5 31. Bb6 Bb8 32. h4 Ke6 33. Rd1 Bc7 34. Bxc7 Rxc7 35. c4 Bxc4 36. Rd6+ Kf7 37. h5 Be6 38. hxg6+ Ke7 39. Rxe6+ 1-0

[Event "Nashville Summer op"]
[Site "Nashville"]
[Date "2024.08.27"]
[Round "2"]
[White "Hamley, Ryan"]
[Black "Altucher, James"]
[Result "1-0"]
[WhiteElo "2076"]
[BlackElo "1898"]
[PlyCount "103"]
[EventDate "2024.08.26"]
[EventType "swiss"]
[EventRounds "9"]
[EventCountry "USA"]
[SourceTitle "EXT 2025"]
[Source "ChessBase"]
[SourceDate "2024.10.14"]
[SourceVersion "1"]
[SourceVersionDate "2024.10.14"]
[SourceQuality "1"]

1. d4 Nf6 2. c4 a6 3. Nf3 e6 4. g3 c5 5. Bg2 cxd4 6. Nxd4 Nc6 7. 0-0 Bc5 8. Nb3 Ba7 9. Nc3 h6 10. e3 0-0 11. Qe2 Qc7 12. Nd2 Rd8 13. e4 d5 14. cxd5 exd5 15. Nxd5 Nxd5 16. exd5 Nb4 17. Qh5 Nd3 18. Ne4 f5 19. d6 Qf7 20. Qxf7+ Kxf7 21. Nc3 Rxd6 22. Be3 Bxe3 23. fxe3 Nxb2 24. e4 Kg6 25. Rab1 Nc4 26. exf5+ Bxf5 27. Rxb7 Ne3 28. Re7 Nxg2 29. Kxg2 Rc8 30. Re3 Rdc6 31. Nd5 Rc2+ 32. Kg1 R8c5 33. Ne7+ Kg5 34. h4+ Kg4 35. Nxf5 Rxa2 36. Rf4+ Kh5 37. g4+ Kg6 38. Rf2 Rc1+ 39. Kg2 Raa1 40. Ng3 Ra4 41. Kf3 Rcc4 42. Ne4 a5 43. h5+ Kh7 44. Rd2 Rc8 45. Ng3 Rcc4 46. Re8 Rf4+ 47. Kg2 Rf7 48. Rdd8 g5 49. Nf5 Rxg4+ 50. Kh3 Rh4+ 51. Nxh4 gxh4 52. Rh8+ 1-0

[Event "Titled Tuesday intern op 23rd Jul Late"]
[Site "Chess.com INT"]
[Date "2024.07.23"]
[Round "3"]
[White "Hamley, Ryan"]
[Black "Dragomirescu, Robin Alexandru"]
[Result "1-0"]
[WhiteElo "2098"]
[BlackElo "2347"]
[PlyCount "93"]
[EventDate "2024.07.23"]
[EventType "swiss (blitz)"]
[EventRounds "11"]
[EventCountry "USA"]
[SourceTitle "EXT 2025"]
[Source "ChessBase"]
[SourceDate "2024.10.14"]
[SourceVersion "1"]
[SourceVersionDate "2024.10.14"]
[SourceQuality "1"]

1. e4 Nc6 2. d4 d5 3. e5 Bf5 4. Nf3 f6 5. Bb5 Qd7 6. 0-0 g5 7. c4 a6 8. Ba4 Bxb1 9. Rxb1 g4 10. Nh4 0-0-0 11. exf6 Nxf6 12. c5 Ne4 13. Be3 e5 14. dxe5 d4 15. Bf4 Nxc5 16. Bxc6 Qxc6 17. Qxg4+ Qe6 18. Nf5 Rg8 19. Qh3 Kb8 20. Rfd1 d3 21. b4 Ne4 22. Rb3 d2 23. Ng3 Qxh3 24. gxh3 Rd4 25. a3 c5 26. Be3 Rd5 27. Kf1 c4 28. Rb2 Nxg3+ 29. hxg3 c3 30. Rc2 a5 31. Rxc3 axb4 32. axb4 Bxb4 33. Rc4 Ba5 34. Rd4 Rxd4 35. Bxd4 Rd8 36. Bc5 Rd5 37. Be3 Kc8 38. Ke2 Kd7 39. Bxd2 Rxe5+ 40. Be3+ Ke6 41. Rb1 b5 42. Kd3 Rd5+ 43. Ke4 Bc7 44. Rc1 Bd6 45. Rc6 b4 46. Rb6 Kd7 47. Kxd5 1-0

[Event "Titled Tuesday intern op 07th May Late"]
[Site "Chess.com INT"]
[Date "2024.05.07"]
[Round "5"]
[White "Hamley, Ryan"]
[Black "Biernacki, Mark"]
[Result "1-0"]
[WhiteElo "2088"]
[BlackElo "1989"]
[PlyCount "105"]
[EventDate "2024.05.07"]
[EventType "swiss (blitz)"]
[EventRounds "11"]
[EventCountry "USA"]
[SourceTitle "EXT 2025"]
[Source "ChessBase"]
[SourceDate "2024.10.14"]
[SourceVersion "1"]
[SourceVersionDate "2024.10.14"]
[SourceQuality "1"]

1. e4 c5 2. Nf3 Nc6 3. d4 cxd4 4. Nxd4 Nf6 5. Nc3 d6 6. f3 e5 7. Nb3 Be7 8. Be3 0-0 9. Qd2 a5 10. Nd5 Nxd5 11. exd5 Nb8 12. c4 b6 13. Bd3 f5 14. 0-0 Nd7 15. f4 a4 16. Nc1 Nc5 17. Ne2 Bf6 18. fxe5 Bxe5 19. Nd4 g6 20. Rae1 Qh4 21. Nf3 Qf6 22. Nxe5 dxe5 23. Bxc5 bxc5 24. Qe3 e4 25. Be2 Qd4 26. Bd1 Rb8 27. Rf2 Bd7 28. Rd2 Qxe3+ 29. Rxe3 Rfc8 30. g3 Kg7 31. h4 Kf6 32. Kf2 Ke5 33. Ra3 Rb4 34. b3 axb3 35. axb3 Rcb8 36. Ra7 Kd6 37. Ra6+ Ke5 38. Ke3 R8b6 39. Ra7 Rb7 40. Rda2 h6 41. Rxb7 Rxb7 42. Ra6 g5 43. hxg5 hxg5 44. Rg6 f4+ 45. Kd2 f3 46. Ke3 g4 47. Rg5+ Kd6 48. Rg6+ Ke5 49. Rg5+ Kf6 50. Rh5 Ra7 51. Kxe4 Ra3 52. Rh6+ Kg7 53. Rd6 1-0

[Event "Titled Tuesday intern op 07th May Late"]
[Site "Chess.com INT"]
[Date "2024.05.07"]
[Round "2"]
[White "Hamley, Ryan"]
[Black "Harish, Neeraj"]
[Result "1-0"]
[WhiteElo "2088"]
[BlackElo "2212"]
[PlyCount "73"]
[EventDate "2024.05.07"]
[EventType "swiss (blitz)"]
[EventRounds "11"]
[EventCountry "USA"]
[SourceTitle "EXT 2025"]
[Source "ChessBase"]
[SourceDate "2024.10.14"]
[SourceVersion "1"]
[SourceVersionDate "2024.10.14"]
[SourceQuality "1"]

1. Nf3 Nf6 2. g3 g6 3. Bg2 Bg7 4. 0-0 0-0 5. d4 d5 6. a4 Bf5 7. Ne5 c6 8. c4 Nbd7 9. Nc3 Ne4 10. Nxd7 Qxd7 11. cxd5 Nxc3 12. bxc3 cxd5 13. Qb3 e6 14. Ba3 Rfc8 15. Rac1 Rc4 16. e4 Qxa4 17. Qxb7 Rac8 18. exf5 Qxa3 19. fxe6 fxe6 20. Bh3 Qd6 21. Rfe1 R8c6 22. Rxe6 Rb6 23. Qxa7 Qxe6 24. Bxe6+ Rxe6 25. Qa8+ Bf8 26. Qxd5 Rcc6 27. Re1 Kf7 28. Qd7+ Be7 29. Rxe6 Rxe6 30. c4 Rd6 31. Qg4 h5 32. Qe4 Bf6 33. d5 Rd8 34. Qe6+ Kg7 35. c5 Bd4 36. Qe7+ Kh6 37. Qxd8 1-0

[Event "Titled Tuesday intern op 07th May Late"]
[Site "Chess.com INT"]
[Date "2024.05.07"]
[Round "4"]
[White "Klukin, Kirill"]
[Black "Hamley, Ryan"]
[Result "1/2-1/2"]
[WhiteElo "2413"]
[BlackElo "2088"]
[PlyCount "138"]
[EventDate "2024.05.07"]
[EventType "swiss (blitz)"]
[EventRounds "11"]
[EventCountry "USA"]
[SourceTitle "EXT 2025"]
[Source "ChessBase"]
[SourceDate "2024.10.14"]
[SourceVersion "1"]
[SourceVersionDate "2024.10.14"]
[SourceQuality "1"]

1. c4 c6 2. Nf3 d5 3. e3 Bf5 4. Nc3 e6 5. d4 Nf6 6. Nh4 Bg6 7. Be2 Nbd7 8. 0-0 Bd6 9. f4 Ne4 10. Nxg6 Nxc3 11. bxc3 hxg6 12. cxd5 exd5 13. c4 Qh4 14. h3 Nf6 15. cxd5 Nxd5 16. Bf3 0-0 17. Qb3 Nb6 18. a4 Rab8 19. Bd2 g5 20. Be1 Qh6 21. f5 Rfe8 22. e4 Bf4 23. g3 Bc7 24. Kg2 Nd7 25. e5 c5 26. e6 fxe6 27. fxe6 Nf6 28. dxc5 Qg6 29. Rd1 Re7 30. Qd3 Qxd3 31. Rxd3 Rxe6 32. Bc3 Be5 33. Bd2 Rc8 34. Bxg5 Rxc5 35. Bxb7 Rb6 36. Bf3 Ra5 37. Bd1 Rb2+ 38. Rd2 Rb4 39. Rd8+ Kf7 40. Bd2 Rb2 41. Kh1 Rc5 42. Bg5 Kg6 43. Bxf6 Bxf6 44. Rd3 Rc1 45. Be2 Rxf1+ 46. Bxf1 Rb1 47. Rf3 Ra1 48. Rf4 Be5 49. Rg4+ Kf5 50. Kg2 Ra2+ 51. Kf3 Ra3+ 52. Ke2 Rxg3 53. Rxg3 Bxg3 54. Bg2 Bc7 55. Bf3 g5 56. Bg4+ Kf4 57. Kd3 Bb6 58. Kc4 a5 59. Kb5 Bd8 60. Kc6 Ke5 61. Kb5 Kf4 62. Kc4 Ke5 63. Kb3 Kf4 64. Kc4 Bf6 65. Kb5 Bc3 66. Kc4 Bb4 67. Kb5 Bc3 68. Kc4 Bb4 69. Kb5 Bc3 1/2-1/2

[Event "Titled Tuesday intern op 07th May Late"]
[Site "Chess.com INT"]
[Date "2024.05.07"]
[Round "9"]
[White "Nechitailo, Nikita"]
[Black "Hamley, Ryan"]
[Result "0-1"]
[WhiteElo "2216"]
[BlackElo "2088"]
[PlyCount "38"]
[EventDate "2024.05.07"]
[EventType "swiss (blitz)"]
[EventRounds "11"]
[EventCountry "USA"]
[SourceTitle "EXT 2025"]
[Source "ChessBase"]
[SourceDate "2024.10.14"]
[SourceVersion "1"]
[SourceVersionDate "2024.10.14"]
[SourceQuality "1"]

1. d4 Nf6 2. c4 e6 3. Nc3 Bb4 4. e3 d5 5. Bd2 0-0 6. Rc1 b6 7. Nf3 Bb7 8. cxd5 Nxd5 9. Bd3 c5 10. 0-0 cxd4 11. Nxd4 Bd6 12. Ncb5 Bc5 13. a3 a6 14. b4 Bxd4 15. Nxd4 Nd7 16. e4 N5f6 17. f3 Ne5 18. Be3 Nxd3 19. Qxd3 e5 0-1

[Event "Titled Tuesday intern op 30th Apr Early"]
[Site "Chess.com INT"]
[Date "2024.04.30"]
[Round "5"]
[White "Hamley, Ryan"]
[Black "Kozganbayev, Erkin"]
[Result "0-1"]
[WhiteElo "2089"]
[BlackElo "2282"]
[PlyCount "64"]
[EventDate "2024.04.30"]
[EventType "swiss (blitz)"]
[EventRounds "11"]
[EventCountry "USA"]
[SourceTitle "CBM 220 Extra"]
[Source "ChessBase"]
[SourceDate "2024.07.31"]
[SourceVersion "1"]
[SourceVersionDate "2024.07.31"]
[SourceQuality "1"]

1. e4 c5 2. Nc3 Nc6 3. f4 g6 4. Nf3 Bg7 5. Bc4 e6 6. 0-0 Nge7 7. d3 0-0 8. Qe1 d5 9. Bb3 Nd4 10. Rf2 Nxf3+ 11. Rxf3 c4 12. dxc4 dxc4 13. Be3 cxb3 14. axb3 b6 15. Rh3 Nc6 16. Kh1 Bb7 17. f5 exf5 18. exf5 Nb4 19. Qf2 Qf6 20. Rg3 Kh8 21. Rf1 Qxf5 22. Bf4 Qxc2 23. Qe3 Rfe8 24. Qg1 Nd3 25. Be3 f5 26. Bd4 Rad8 27. Nb5 Bxd4 28. Nxd4 Qxb2 29. Nb5 Re2 30. h3 Nc5 31. Kh2 Rdd2 32. Qh1 Rxg2+ 0-1

[Event "Titled Tuesday intern op 23rd Apr Late"]
[Site "Chess.com INT"]
[Date "2024.04.23"]
[Round "6"]
[White "Ferrufino, Boris"]
[Black "Hamley, Ryan"]
[Result "0-1"]
[WhiteElo "1911"]
[BlackElo "2089"]
[PlyCount "74"]
[EventDate "2024.04.23"]
[EventType "swiss (blitz)"]
[EventRounds "11"]
[EventCountry "USA"]
[SourceTitle "CBM 219 Extra"]
[Source "ChessBase"]
[SourceDate "2024.05.31"]
[SourceVersion "1"]
[SourceVersionDate "2024.05.31"]
[SourceQuality "1"]

1. e4 c5 2. Nf3 d6 3. d4 cxd4 4. Nxd4 Nf6 5. Nc3 a6 6. h3 e5 7. Nb3 Be7 8. g4 h6 9. Be3 b5 10. Bg2 Bb7 11. a3 Nbd7 12. Qd2 Rc8 13. 0-0-0 Qc7 14. Kb1 Bc6 15. f4 a5 16. g5 b4 17. axb4 axb4 18. Nd5 Bxd5 19. exd5 hxg5 20. fxe5 Nxe5 21. Nd4 Qc4 22. Nc6 b3 23. Rc1 Nxc6 24. cxb3 Qxb3 25. Rc3 Qb5 26. dxc6 0-0 27. h4 g4 28. h5 Qf5+ 29. Kc1 Ra8 30. Qd3 Qe5 31. h6 Ra1+ 32. Kc2 Rxh1 33. Bxh1 d5 34. hxg7 Kxg7 35. Bd4 Qh2+ 36. Kb3 Rb8+ 37. Ka2 Qxb2# 0-1

[Event "Titled Tuesday intern op 23rd Apr Late"]
[Site "Chess.com INT"]
[Date "2024.04.23"]
[Round "1"]
[White "Hamley, Ryan"]
[Black "Deac, Bogdan Daniel"]
[Result "0-1"]
[WhiteElo "2089"]
[BlackElo "2692"]
[PlyCount "104"]
[EventDate "2024.04.23"]
[EventType "swiss (blitz)"]
[EventRounds "11"]
[EventCountry "USA"]
[SourceTitle "CBM 219 Extra"]
[Source "ChessBase"]
[SourceDate "2024.05.31"]
[SourceVersion "1"]
[SourceVersionDate "2024.05.31"]
[SourceQuality "1"]

1. e4 c5 2. Nf3 e6 3. d4 cxd4 4. Nxd4 a6 5. Nc3 Qc7 6. g3 b5 7. Bg2 Bb7 8. 0-0 Nc6 9. a3 Nxd4 10. Qxd4 Qc5 11. Be3 Qxd4 12. Bxd4 Ne7 13. Bc5 Rc8 14. Bb4 Nc6 15. Bxf8 Rxf8 16. Rad1 Ne5 17. Rd4 Nc4 18. Nd1 Ke7 19. f4 f6 20. Bh3 Rfd8 21. Re1 Rc5 22. Bg2 Rdc8 23. c3 a5 24. Re2 e5 25. Rd3 Ba6 26. Rd5 Rxd5 27. exd5 d6 28. Nf2 Nb6 29. Rd2 b4 30. axb4 axb4 31. Nd1 Nc4 32. Rf2 bxc3 33. Nxc3 Nxb2 34. Rxb2 Rxc3 35. fxe5 fxe5 36. Ra2 Bc8 37. Ra7+ Kf6 38. Be4 Rc1+ 39. Kg2 h5 40. h3 Rc4 41. Bf3 e4 42. Bxh5 g6 43. Be2 Rc2 44. Kf2 Bxh3 45. Ra6 Ke5 46. Ke3 Rc3+ 47. Kf2 Kxd5 48. Ra5+ Kd4 49. Rg5 Rc2 50. Rxg6 d5 51. Ra6 Bg4 52. Ra4+ Ke5 0-1

[Event "Titled Tuesday intern op 16th Apr Late"]
[Site "Chess.com INT"]
[Date "2024.04.16"]
[Round "6"]
[White "Hamley, Ryan"]
[Black "Andreikin, Dmitry"]
[Result "0-1"]
[WhiteElo "2089"]
[BlackElo "2729"]
[PlyCount "40"]
[EventDate "2024.04.16"]
[EventType "swiss (blitz)"]
[EventRounds "11"]
[EventCountry "USA"]
[SourceTitle "CBM 219 Extra"]
[Source "ChessBase"]
[SourceDate "2024.05.31"]
[SourceVersion "1"]
[SourceVersionDate "2024.05.31"]
[SourceQuality "1"]

1. d4 Nf6 2. c4 g6 3. Nc3 Bg7 4. e4 d6 5. h3 0-0 6. Be3 Nc6 7. Nge2 Re8 8. d5 Ne5 9. Ng3 e6 10. Qd2 exd5 11. cxd5 c6 12. f4 Ned7 13. dxc6 bxc6 14. Qxd6 Qa5 15. e5 Nd5 16. Bd2 Nxe5 17. fxe5 Bxe5 18. Qxc6 Bb7 19. Qb5 Bxc3+ 20. Kd1 Bxd2 0-1

[Event "Titled Tuesday intern op 16th Apr Late"]
[Site "Chess.com INT"]
[Date "2024.04.16"]
[Round "5"]
[White "Kushko, Dmitriy"]
[Black "Hamley, Ryan"]
[Result "1-0"]
[WhiteElo "2445"]
[BlackElo "2089"]
[PlyCount "99"]
[EventDate "2024.04.16"]
[EventType "swiss (blitz)"]
[EventRounds "11"]
[EventCountry "USA"]
[SourceTitle "CBM 219 Extra"]
[Source "ChessBase"]
[SourceDate "2024.05.31"]
[SourceVersion "1"]
[SourceVersionDate "2024.05.31"]
[SourceQuality "1"]

1. g3 d5 2. Nf3 Bf5 3. Bg2 e6 4. 0-0 h6 5. c4 c6 6. Qb3 Qc8 7. d3 Nf6 8. cxd5 exd5 9. Nc3 Nbd7 10. e4 dxe4 11. dxe4 Be6 12. Qc2 Be7 13. Nd4 Nc5 14. b4 Na6 15. a3 Bh3 16. e5 Bxg2 17. Kxg2 Nd5 18. Nxd5 cxd5 19. Qa4+ Qd7 20. Qxd7+ Kxd7 21. Rd1 g6 22. Nb5 Ke6 23. Be3 Rhd8 24. Bxa7 Rdc8 25. Bb6 Rc6 26. Nd4+ Kd7 27. Nxc6 Kxc6 28. Be3 Nc7 29. f4 b6 30. g4 Kb7 31. f5 gxf5 32. gxf5 Rg8+ 33. Kf3 Bg5 34. Rg1 Re8 35. Bxg5 hxg5 36. Rae1 Rh8 37. Re2 Ra8 38. Re3 Rh8 39. Rxg5 Rxh2 40. Rg7 d4 41. Rd3 Rh3+ 42. Rg3 Rh4 43. Rg4 Rh3+ 44. Ke4 Rh1 45. Kxd4 Kc6 46. Rc3+ Kd7 47. e6+ fxe6 48. Rg7+ Kd6 49. Rgxc7 exf5 50. R3c6# 1-0

[Event "Titled Tuesday intern op 16th Apr Late"]
[Site "Chess.com INT"]
[Date "2024.04.16"]
[Round "1"]
[White "Ramadoss, Ashokkumar"]
[Black "Hamley, Ryan"]
[Result "1-0"]
[WhiteElo "2110"]
[BlackElo "2089"]
[PlyCount "43"]
[EventDate "2024.04.16"]
[EventType "swiss (blitz)"]
[EventRounds "11"]
[EventCountry "USA"]
[SourceTitle "CBM 219 Extra"]
[Source "ChessBase"]
[SourceDate "2024.05.31"]
[SourceVersion "1"]
[SourceVersionDate "2024.05.31"]
[SourceQuality "1"]

1. Nf3 Nf6 2. c4 g6 3. Nc3 Bg7 4. e4 d6 5. d4 0-0 6. Be2 Nbd7 7. 0-0 e5 8. Re1 Qe7 9. Bf1 c6 10. b3 Rd8 11. Bb2 a5 12. Qd2 Nf8 13. h3 exd4 14. Nxd4 Ne6 15. Nf5 gxf5 16. exf5 Qf8 17. fxe6 Bxe6 18. Re3 Kh8 19. Rg3 Qe7 20. Rxg7 Kxg7 21. Ne4 Kf8 22. Qh6+ 1-0

[Event "Titled Tuesday intern op 12th Mar Late"]
[Site "Chess.com INT"]
[Date "2024.03.12"]
[Round "3"]
[White "Kiselev, Pavel"]
[Black "Hamley, Ryan"]
[Result "0-1"]
[WhiteElo "2139"]
[BlackElo "2091"]
[PlyCount "100"]
[EventDate "2024.03.12"]
[EventType "swiss (blitz)"]
[EventRounds "11"]
[EventCountry "USA"]
[SourceTitle "CBM 219 Extra"]
[Source "ChessBase"]
[SourceDate "2024.05.31"]
[SourceVersion "1"]
[SourceVersionDate "2024.05.31"]
[SourceQuality "1"]

1. Nf3 g6 2. b3 Bg7 3. d4 c5 4. e3 Nc6 5. Bb2 d5 6. Be2 Bg4 7. Nbd2 e6 8. 0-0 Nge7 9. h3 Bxf3 10. Nxf3 Nf5 11. c4 dxc4 12. Bxc4 cxd4 13. exd4 Nfxd4 14. Nxd4 Bxd4 15. Bxd4 Qxd4 16. Qxd4 Nxd4 17. Rad1 0-0-0 18. Rd3 Ne2+ 19. Kh2 Rxd3 20. Bxd3 Nf4 21. Bc4 Rd8 22. g3 Nh5 23. Kg2 Nf6 24. a4 Rd2 25. Kf3 Kc7 26. Ke3 Rd6 27. Rc1 Kd8 28. g4 Nd7 29. f4 Nb6 30. Bb5 a6 31. Be2 Nd5+ 32. Ke4 Rb6 33. Bc4 Ne7 34. Ke5 Ke8 35. Kf6 Kf8 36. Rd1 Ng8+ 37. Ke5 Ke7 38. g5 f6+ 39. gxf6+ Nxf6 40. a5 Rc6 41. Re1 Nd7+ 42. Kd4 Nf8 43. Re5 Rd6+ 44. Kc5 Nd7+ 45. Kb4 Nxe5 46. fxe5 Rd2 47. Kc5 g5 48. Kb6 h5 49. Kxb7 g4 50. hxg4 h4 0-1

[Event "Titled Tuesday intern op 23rd Jan Late"]
[Site "Chess.com INT"]
[Date "2024.01.23"]
[Round "6"]
[White "Garrido Outon, Alex"]
[Black "Hamley, Ryan"]
[Result "1-0"]
[WhiteElo "2406"]
[BlackElo "2101"]
[PlyCount "117"]
[EventDate "2024.01.23"]
[EventType "swiss (blitz)"]
[EventRounds "11"]
[EventCountry "USA"]
[SourceTitle "CBM 218 Extra"]
[Source "ChessBase"]
[SourceDate "2024.03.31"]
[SourceVersion "1"]
[SourceVersionDate "2024.03.31"]
[SourceQuality "1"]

1. Nf3 Nf6 2. b3 g6 3. Bb2 Bg7 4. g3 0-0 5. Bg2 d6 6. 0-0 c5 7. c4 Nc6 8. d4 cxd4 9. Nxd4 Bd7 10. Nc3 Rc8 11. Rc1 Nxd4 12. Qxd4 Bc6 13. Qxa7 Nd7 14. Qe3 Nc5 15. Rfd1 Qc7 16. b4 Bxg2 17. Kxg2 Qc6+ 18. Kg1 Ne6 19. Nd5 Rfe8 20. Bxg7 Kxg7 21. h4 h5 22. Qb3 Ra8 23. a4 Qxa4 24. Qc3+ f6 25. Nb6 Qa3 26. Nxa8 Qxc3 27. Rxc3 Rxa8 28. Rdd3 Ra4 29. Rb3 Kf7 30. Rdc3 Nd4 31. Rb2 b6 32. c5 bxc5 33. bxc5 dxc5 34. Rxc5 Ra6 35. Kg2 Re6 36. e3 Nf5 37. Rbb5 Nd6 38. Rb6 Re4 39. Rc7 Nf5 40. Rb5 Ra4 41. Rcc5 Nd6 42. Rb6 Ra2 43. Kf3 Ra4 44. Rc2 g5 45. hxg5 fxg5 46. Rb1 g4+ 47. Kg2 Kf6 48. Rh1 Kg6 49. Rc5 Nf5 50. Rxh5 Kxh5 51. Rxf5+ Kg6 52. Rf4 Rxf4 53. gxf4 Kf5 54. Kh2 e5 55. Kg3 e4 56. Kh4 Kf6 57. Kxg4 Kg6 58. f5+ Kf6 59. Kf4 1-0

[Event "Titled Tuesday intern op 23rd Jan Early"]
[Site "Chess.com INT"]
[Date "2024.01.23"]
[Round "2"]
[White "Peiris, TSS"]
[Black "Hamley, Ryan"]
[Result "0-1"]
[WhiteElo "1843"]
[BlackElo "2101"]
[PlyCount "72"]
[EventDate "2024.01.23"]
[EventType "swiss (blitz)"]
[EventRounds "11"]
[EventCountry "USA"]
[SourceTitle "EXT 2025"]
[Source "ChessBase"]
[SourceDate "2024.10.14"]
[SourceVersion "1"]
[SourceVersionDate "2024.10.14"]
[SourceQuality "1"]

1. e4 c5 2. c3 d5 3. exd5 Qxd5 4. d4 Nc6 5. Nf3 Bg4 6. Be2 Nf6 7. c4 Qd7 8. d5 Bxf3 9. Bxf3 Nd4 10. Nc3 g6 11. Be3 Nxf3+ 12. Qxf3 Rc8 13. 0-0-0 Bg7 14. h4 h5 15. Rde1 0-0 16. Bg5 Rfe8 17. Qf4 Ng4 18. Qd2 a6 19. f3 Ne5 20. Qe2 b5 21. cxb5 axb5 22. Bf4 Nc4 23. a4 Nxb2 24. Qxb2 b4 25. Be5 Bh6+ 26. Kb1 bxc3 27. Qxc3 Qxa4 28. Re2 Ra8 29. Rhe1 c4 30. Rb2 Qa1+ 31. Kc2 Qa4+ 32. Kb1 Ra5 33. f4 Rxd5 34. Rb4 Rd1+ 35. Kb2 Qa1+ 36. Kc2 Qc1# 0-1

[Event "Titled Tuesday intern op 23rd Jan Early"]
[Site "Chess.com INT"]
[Date "2024.01.23"]
[Round "4"]
[White "Zapata, Karen"]
[Black "Hamley, Ryan"]
[Result "0-1"]
[WhiteElo "2025"]
[BlackElo "2101"]
[PlyCount "116"]
[EventDate "2024.01.23"]
[EventType "swiss (blitz)"]
[EventRounds "11"]
[EventCountry "USA"]
[SourceTitle "EXT 2025"]
[Source "ChessBase"]
[SourceDate "2024.10.14"]
[SourceVersion "1"]
[SourceVersionDate "2024.10.14"]
[SourceQuality "1"]

1. e4 c5 2. Nc3 d6 3. f4 Nc6 4. Nf3 g6 5. d3 Bg7 6. Be3 e6 7. d4 cxd4 8. Nxd4 a6 9. Qd2 Nf6 10. Rd1 d5 11. e5 Ng4 12. Nxc6 bxc6 13. Bc5 Bf8 14. Bxf8 Kxf8 15. Be2 h5 16. Ne4 Qh4+ 17. g3 Qe7 18. Bxg4 hxg4 19. Nf6 Rb8 20. Qc3 c5 21. Nxg4 d4 22. Qa3 Bb7 23. Kf2 Bxh1 24. Rxh1 Kg7 25. h4 Qb7 26. Rb1 Qe4 27. Qd3 Qd5 28. b3 a5 29. Nf6 Qc6 30. Rg1 a4 31. h5 gxh5 32. g4 h4 33. g5 axb3 34. g6 Rh6 35. gxf7+ Kxf7 36. axb3 h3 37. Qd1 h2 38. Rh1 Rbh8 39. Qf3 Qxf3+ 40. Kxf3 Rh3+ 41. Kg2 Rc3 42. Ne4 Rxc2+ 43. Kg3 d3 44. Nd6+ Ke7 45. f5 exf5 46. Nxf5+ Ke6 47. Ne3 Re2 48. Nc4 d2 49. Kf3 Re1 50. Nxd2 Rxh1 51. Ne4 Rf1+ 52. Ke3 h1Q 53. Ng5+ Kxe5 54. Nf7+ Rxf7 55. Kd3 Qf3+ 56. Kc4 Qd5+ 57. Kb5 Rb7+ 58. Ka5 Ra8# 0-1

[Event "Titled Tuesday intern op 19th Dec Early"]
[Site "Chess.com INT"]
[Date "2023.12.19"]
[Round "1"]
[White "Terry, Renato"]
[Black "Hamley, Ryan"]
[Result "1-0"]
[WhiteElo "2522"]
[BlackElo "2101"]
[PlyCount "69"]
[EventDate "2023.12.19"]
[EventType "swiss (blitz)"]
[EventRounds "11"]
[EventCountry "USA"]
[SourceTitle "CBM 217 Extra"]
[Source "ChessBase"]
[SourceDate "2024.01.31"]
[SourceVersion "1"]
[SourceVersionDate "2024.01.31"]
[SourceQuality "1"]

1. Nf3 Nf6 2. g3 d5 3. Bg2 Bf5 4. Nh4 Bc8 5. d3 c6 6. 0-0 g6 7. Nc3 Bg7 8. e4 0-0 9. Qe1 dxe4 10. dxe4 e5 11. Be3 Qc7 12. Rd1 Be6 13. b3 Nbd7 14. Na4 b5 15. Nc5 Nxc5 16. Bxc5 Rfd8 17. Qe3 Nd7 18. Be7 Re8 19. Bd6 Qb6 20. Rfe1 a5 21. Nf3 Bg4 22. Qxb6 Nxb6 23. h3 Bxf3 24. Bxf3 a4 25. Bc7 Nc8 26. Bg4 axb3 27. axb3 Bf8 28. Bd7 Re7 29. Bxc6 Ra2 30. Bd8 Rea7 31. Re2 Ne7 32. Bxb5 Ra8 33. Bc7 Rc8 34. Rd7 Ra7 35. Bxe5 1-0